El último grumete de La Baquedano

Gardado en:
Detalles Bibliográficos
Autor Principal: Coloane, Francisco (Author)
Formato: Libro
Idioma:Lingua castelá
Publicado: Santiago Orbe 1964
Edición:9a. ed
Subjects:
Tags: Engadir etiqueta
Sen Etiquetas, Sexa o primeiro en etiquetar este rexistro!

MARC

LEADER 00000nam a2200000 a 4500
001 UCQ2269
003 CL-VaPUC
008 980724e19640000CL |||||||||||||||||spa|d
082 0 4 |a Ch863  |b COL  |2 21 
100 0 |a Coloane, Francisco  |e author  |9 345716 
245 1 3 |a El último grumete de La Baquedano 
250 |a 9a. ed 
300 |a 156 p 
942 |c BK 
945 |d 19980724 00:00:00  |a lriquelm 
260 |a Santiago  |b Orbe  |c 1964 
650 0 |a Novelas chilenas   |9 265425 
650 0 |a Literatura chilena   |9 308278 
650 0 |a Prosa chilena   |9 267787 
650 0 |a Formas y géneros literarios  |9 324031 
583 |a last modification  |c 19980724 00:00:00  |k Rodrigo Vera 
999 |c 273106  |d 273104 
952 |0 0  |1 0  |4 0  |6 CH_863_000000000000000_COL_1964  |7 0  |8 A  |9 308417  |a BIBEDU  |b BIBEDU  |d 2019-11-20  |i 1444522  |o Ch863 COL 1964  |p 1444522  |r 2019-11-20  |w 2019-11-20  |y BK  |k LIT